000 00434nam a2200169Ia 4500
008 090711s9999 xx 000 0 und d
082 _b61984
100 _aसामंत माया
245 _aघरंदाज
260 _c1988
300 _a148
600 _aसामंत माया
630 _aघरंदाज
700 _aसामंत माया
730 _aघरंदाज
942 _cBOOK
999 _c294874
_d294874